Metal forming handbook / (Record no. 31615)

000 -LEADER
fixed length control field 01264pam a2200349 a 4500
001 - CONTROL NUMBER
control field 1670452
003 - CONTROL NUMBER IDENTIFIER
control field 3-540-61185-1
005 - DATE AND TIME OF LATEST TRANSACTION
control field 20210812155347.0
008 - FIXED-LENGTH DATA ELEMENTS--GENERAL INFORMATION
fixed length control field 980428s1998 ge a b 001 0 eng
010 ## - LIBRARY OF CONGRESS CONTROL NUMBER
LC control number 98022434
020 ## - INTERNATIONAL STANDARD BOOK NUMBER
International Standard Book Number 3540611851
038 ## - RECORD CONTENT LICENSOR
Staff Name khadija
040 ## - CATALOGING SOURCE
Original cataloging agency DLC
Transcribing agency DLC
Modifying agency DLC
041 1# - LANGUAGE CODE
Language code of text/sound track or separate title eng
Language code of original ger
050 00 - LIBRARY OF CONGRESS CALL NUMBER
Classification number TS205
Item number .H33413 1998
082 00 - DEWEY DECIMAL CLASSIFICATION NUMBER
Classification number 671
Edition number 21
Author Mark SCH
100 ## - MAIN ENTRY--PERSONAL NAME
Personal name Schuler GmbH.
9 (RLIN) 81501
130 0# - MAIN ENTRY--UNIFORM TITLE
Uniform title Handbuch der Umformtechnik.
Language of a work English
9 (RLIN) 35937
245 10 - TITLE STATEMENT
Title Metal forming handbook /
Statement of responsibility, etc. Schuler GmbH.
260 ## - PUBLICATION, DISTRIBUTION, ETC.
Place of publication, distribution, etc. Berlin ;
-- New York :
Name of publisher, distributor, etc. Springer-Verlag,
Date of publication, distribution, etc. c1998.
300 ## - PHYSICAL DESCRIPTION
Extent xx, 563 p. :
Other physical details col. ill. ;
Dimensions 24 cm.
500 ## - GENERAL NOTE
General note Hardcover.
504 ## - BIBLIOGRAPHY, ETC. NOTE
Bibliography, etc. note Includes bibliographical references and index.
563 ## - BINDING INFORMATION
Binding note Hardcover
650 #0 - SUBJECT ADDED ENTRY--TOPICAL TERM
Topical term or geographic name entry element Metal-work.
9 (RLIN) 34700
710 2# - ADDED ENTRY--CORPORATE NAME
Corporate name or jurisdiction name as entry element Schuler GmbH.
9 (RLIN) 35938
856 42 - ELECTRONIC LOCATION AND ACCESS
Materials specified Publisher description
Uniform Resource Identifier <a href="http://www.loc.gov/catdir/enhancements/fy0815/98022434-d.html">http://www.loc.gov/catdir/enhancements/fy0815/98022434-d.html</a>
856 41 - ELECTRONIC LOCATION AND ACCESS
Materials specified Table of contents only
Uniform Resource Identifier <a href="http://www.loc.gov/catdir/enhancements/fy0815/98022434-t.html">http://www.loc.gov/catdir/enhancements/fy0815/98022434-t.html</a>
906 ## - LOCAL DATA ELEMENT F, LDF (RLIN)
a 7
b cbc
c orignew
d 1
e ocip
f 19
g y-gencatlg
942 ## - ADDED ENTRY ELEMENTS (KOHA)
Source of classification or shelving scheme
Koha item type Book
Classification part 671
Holdings
Withdrawn status Lost status Source of classification or shelving scheme Damaged status Not for loan Permanent Location Current Location Shelving location Date acquired Full call number Barcode Date last seen Price effective from Koha item type Public note
          School of Mechanical & Manufacturing Engineering (SMME) School of Mechanical & Manufacturing Engineering (SMME) Reference 06/26/2015 671 SCH SMME-124 03/20/2018 06/26/2015 Book Rack,12-Shelf,4
© 2023 Central Library, National University of Sciences and Technology. All Rights Reserved.